| 000 | 01192nam a22002777a 4500 | ||
|---|---|---|---|
| 001 | 6379 | ||
| 003 | FISKH | ||
| 005 | 20250425124428.0 | ||
| 008 | 250425b cb ||||| |||| 00| 0 eng d | ||
| 020 | _a9781741045680 | ||
| 040 |
_aFISKH _beng _cFISKH _dFISKH |
||
| 050 | _aDS555.25 .C86 | ||
| 082 | _a915.940442 | ||
| 100 | _aBurke, Andrew | ||
| 245 |
_aLaos / _cBy Andrew Burke and Justine Vaisutis |
||
| 250 | _aFirst published , January 1994 | ||
| 260 |
_aFort Mill : _bLonely Planet , _c2007. |
||
| 300 |
_a372 pages : _bcolor illustrations, maps ; _c20 cm . |
||
| 490 | _aLonely Planet | ||
| 520 | _aLonely Planet Laos is your passport to the most relevant, up-to-date advice on what to see and skip, and what hidden discoveries await you. Whiz through the jungle on ziplines in Bokeo Nature Reserve, dine on French cuisine in historic Luang Prabang, or trek to minority villages on the Bolaven Plateau -all with your trusted travel companion. Get to the heart of Laos and begin your journey now! | ||
| 650 |
_aSoutheast Asia _vNon-fiction |
||
| 650 |
_aLaos - Guidebooks _vNon-fiction |
||
| 700 |
_aVaisutis, Justine _eIllustrator |
||
| 942 |
_2ddc _cBK _n0 |
||
| 999 |
_c6379 _d6379 |
||